Income Inequality and the Distributional Effects of Monetary Policy: The Role of Financial Heterogeneity

Gespeichert in:
Bibliographische Detailangaben
1. Verfasser: Fišera, Boris
Format: Buchkapitel
Sprache:Englisch
Schlagworte:
Tags: Tag hinzufügen
Keine Tags, Fügen Sie das erste Tag hinzu!

MARC

LEADER 00000naa$a2200000$$$4500
001 0270721
005 20240502083816.1
041 0 |a eng 
044 |a CZ 
245 1 0 |a Income Inequality and the Distributional Effects of Monetary Policy: The Role of Financial Heterogeneity  |c Boris Fišera 
500 |a abstrakt 
610 2 0 |a nerovnosť príjmová 
610 2 0 |a politika menová 
610 2 0 |a metódy distribučné 
610 2 0 |a financie 
100 1 |a Fišera, Boris